00485 2200205 4500001002100000008004100021035002000062245005700082100002000139250000600159260001900165300001200184084001400196082000800210650001300218990001200231990001200243990001200255990001200267INLIS000000000000674 ind  a0010-0424000650 aBermain Pengolah Data ( Data Base )cSuharno Widi N. aWidi N, Suharno a1 aJakarta :bBSD a104 hlm a600 SUH b a600 aNonfiksi a0721750 a0721751 a0721752 a0721753